000 00493nam a2200181Ia 4500
008 100917s9999 xx 000 0 und d
082 _b58136
100 _aसोवनी म. वि.
245 _aजलवंती
260 _bचित्रशाळा प्रकाशन
_c---
300 _a39
365 _b2
520 _aबालविभाग
630 _aजलवंती
650 _aबालविभाग
730 _aजलवंती
942 _cBOOK
999 _c663530
_d663527